Statistics for Cardiff Devils roster 2021-2022

Click here to take the quiz!

General Stats

  • This quiz has been taken 5 times
    (3 since last reset)
  • The average score is 14 of 27

Answer Stats

NumberFull Name% Correct
5Ben Davies
100%
41Josh Batch
100%
91Joshua Waller
100%
17 (Captain)Mark Richardson
100%
25Riley Brandt
100%
63Trevor Cox
100%
74Brandon McNally
67%
6Brendan Mikkelson
67%
39 (Now Head Coach)Brodie Dupont
67%
86Jake Coughler
67%
22Justin Crandall
67%
44Marc McNulty
67%
4Mark Louis
67%
16Sam Duggan
67%
11Stephen Dixon
67%
MascotTaz
67%
21Brodie Reid
33%
96Cole Sandford
33%
13Josh Lammon
33%
30Mac Carruth
33%
43Matt Register
33%
24Bayley Harewood
0%
12Ben Oconnor
0%
Head Coach (Before Firing)Jarod Skalde
0%
Assistant CoachNeil Francis
0%
31Taran Kozun
0%
Equipment ManagerThomas Murdy
0%

Score Distribution

Percentile by Number Answered

Percent of People with Each Score

Your Score History

You have not taken this quiz since the last reset